Alle Bahnhöfe in Mecklenburg-Vorpommern (SPNV) - Statistiken

Allgemein
  • Dieses Quiz wurde 107 mal gespielt
    15 seit der letzten Aktualisierung
  • Das Durchschnittsergebnis liegt bei 97 aus 249
Antwortstatistiken
Station % Korrekt
Greifswald
100%
Neubrandenburg
100%
Neustrelitz Hauptbahnhof
100%
Rostock Hauptbahnhof
100%
Stralsund Hauptbahnhof
100%
Warnemünde
100%
Wolgast
100%
Bad Kleinen
90%
Bergen auf Rügen
90%
Grevesmühlen
90%
Güstrow
90%
Ludwigslust
90%
Sassnitz
90%
Schwerin Hauptbahnhof
90%
Waren (Müritz)
90%
Wismar
90%
Anklam
80%
Binz LB
80%
Bützow
80%
Demmin
80%
Grimmen
80%
Ostseebad Binz
80%
Pasewalk
80%
Ribnitz-Damgarten Ost
80%
Ribnitz-Damgarten West
80%
Schönberg (Mecklenburg)
80%
Seebad Ahlbeck
80%
Stralsund Rügendamm
80%
Bad Doberan
70%
Burg Stargard (Mecklenburg)
70%
Hagenow Land
70%
Hagenow Stadt
70%
Parchim
70%
Plau am See
70%
Prora
70%
Rostock-Lichtenhagen
70%
Schwerin Mitte
70%
Seebad Heringsdorf
70%
Ueckermünde
70%
Zinnowitz
70%
Boizenburg (Elbe)
60%
Graal-Müritz
60%
Laage (Meckleburg)
60%
Lalendorf
60%
Malchin
60%
Reuterstadt Stavenhagen
60%
Rostock-Lütten Klein
60%
Rövershagen
60%
Schwaan
60%
Schwerin Süd
60%
Tessin
60%
Teterow
60%
Torgelow
60%
Trassenheide
60%
Velgast
60%
Ahlbeck Grenze
50%
Altefähr
50%
Altentreptow
50%
Barth
50%
Bentwisch
50%
Broderstorf
50%
Dorf Mecklenburg
50%
Gadebusch
50%
Gelbensande
50%
Grabow (Mecklenburg)
50%
Kühlungsborn Ost
50%
Lietzow (Rügen)
50%
Mölln (Mecklenburg)
50%
Ostseebad Kühlungsborn West
50%
Peenemünde
50%
Pritzier
50%
Prora Ost
50%
Putbus
50%
Rövershagen Karls Erlebnisdorf
50%
Sanitz (b Rostock)
50%
Ueckermünde Stadthafen
50%
Ventschow
50%
Warnemünde Werft
50%
Züssow
50%
Blankenberg (Mecklenburg)
40%
Blumenhagen
40%
Eggesin
40%
Graal-Müritz Koppelweg
40%
Greifswald Süd
40%
Holthusen
40%
Jatznick
40%
Karlshagen
40%
Karow (Mecklenburg)
40%
Kröpelin
40%
Lauterbach Mole
40%
Lauterbach (Rügen)
40%
Mirow
40%
Mönchhagen
40%
Neubukow
40%
Parkentin
40%
Plüschow
40%
Priemerburg
40%
Rambin (Rügen)
40%
Rehna
40%
Rostock-Bramow
40%
Rostock-Evershagen
40%
Rostock Holbeinplatz
40%
Rostock-Marienehe
40%
Rostock Thierfelder Straße
40%
Sagard
40%
Sassnitz Fährhafen
40%
Schwerin-Görries
40%
Altenwillershagen
30%
Althof
30%
Bad Doberan Stadtmitte
30%
Blankensee (Mecklenburg)
30%
Bobitz
30%
Brahlstorf
30%
Crivitz
30%
Elmenhorst
30%
Ferdinandshof
30%
Göhren (Rügen)
30%
Grambow
30%
Grieben (Mecklenburg)
30%
Groß Schwaß
30%
Heiligendamm
30%
Inselstadt Malchow
30%
Jagdschloß
30%
Jasnitz
30%
Jeeser
30%
Kavelstorf
30%
Kratzeburg
30%
Kühlungsborn Mitte
30%
Lancken
30%
Löcknitz
30%
Lübstorf
30%
Lübz
30%
Neustadt-Glewe
30%
Neu Wokern
30%
Nossentin
30%
Papendorf
30%
Pasewalk Ost
30%
Plate (Mecklenburg)
30%
Roggentin
30%
Rostock-Kassebohm
30%
Rostock Parkstraß
30%
Rostock Torfbrücke
30%
Samtens
30%
Stralsund Grünhufe
30%
Strasburg (Uckermark)
30%
Tessin West
30%
Trassenmoor
30%
Ückeritz
30%
Wolgaster Fähre
30%
Wolgast Hafen
30%
Ahlbeck Ostseetherme
20%
Alt Schwerin
20%
Baabe
20%
Bad Doberan Goethestraße
20%
Bannemin-Mölschow
20%
Bansin Seebad
20%
Buchenhorst
20%
Buddenhagen
20%
Cammin (Mecklenburg)
20%
Domsühl
20%
Ducherow
20%
Dütschow
20%
Friedrichsruhe (Mecklenburg)
20%
Gallin
20%
Ganzlin
20%
Gnevkow
20%
Groß Brütz
20%
Groß Kiesow
20%
Groß Laasch
20%
Groß Lüsewitz
20%
Groß Quassow
20%
Hagebök
20%
Heringsdorf Neuhof
20%
Herrnburg
20%
Hohendorf
20%
Holdorf (Mecklenburg)
20%
Hornstorf
20%
Huckstorf
20%
Jabel (Mecklenburg)
20%
Kalsow
20%
Karlsburg
20%
Klein Bünzow
20%
Kölpinsee
20%
Koserow
20%
Kronskamp
20%
Kummerow (b Stralsund)
20%
Langhagen
20%
Lüblow (Mecklenburg)
20%
Lüdersdorf (Mecklenburg)
20%
Lüssow (Mecklenburg)
20%
Lützow
20%
Malchow Krebssee
20%
Martensdorf
20%
Miltzow
20%
Mistorf
20%
Moidentin
20%
Neetzka
20%
Neu Pudalga
20%
Oertzenhof
20%
Passow (Mecklenburg)
20%
Plaaz
20%
Plau Silbermühle
20%
Pölchow
20%
Rastow
20%
Reddelich
20%
Sandförde
20%
Sandhagen (b Bad Doberan)
20%
Scharstorf
20%
Schmollensee
20%
Schwanheide
20%
Schwenzin
20%
Schwerin Industriepark
20%
Schwerin-Lankow
20%
Schwerin-Margaretenhof
20%
Schwerin-Warnitz
20%
Schwerin-Wüstmark
20%
Sponholz
20%
Spornitz
20%
Steilküste/Wittenbeck
20%
Steinhausen-Neuburg
20%
Sternfeld
20%
Strohkirchen
20%
Subzin-Liessow
20%
Sukow (b Schwerin)
20%
Sülstorf
20%
Teschenhagen
20%
Teschow
20%
Utzedel
20%
Warenshof
20%
Weißer See
20%
Wendisch Priborn
20%
Wesenberg
20%
Wittenhagen
20%
Wüstenfelde
20%
Zarrendorf
20%
Zempin
20%
Zerrenthin
20%
Zirtow-Leussow
20%
Beuchow
10%
Garftitz
10%
Philippshagen
10%
Posewald
10%
Rakow
10%
Ruthenbeck
10%
Seelvitz
10%
Sellin Ost
10%
Sellin West
10%
Serams
10%
Stubbenfelde
10%
Keine übereinstimmenden Quizze gefunden
Verteilung der Resultate
Anzahl Personen mit jedem Resultat
Perzentil nach korrekt beantworteten Fragen
Ihre Resultats-Entwicklung
Sie haben dieses Quiz seit der letzten Aktualisierung nicht gespielt